| 000 | 00927nas a2200289 4500 | ||
|---|---|---|---|
| 001 | BR7903292 | ||
| 003 | BR-BrBNA | ||
| 005 | 20231205083741.0 | ||
| 007 | ta | ||
| 008 | 230509b bl.|||p| |||| 00| 00por d | ||
| 040 |
_aBR-BrBNA _bpor _cBiblioteca Nacional de Agricultura |
||
| 041 | _a(Pt) | ||
| 072 | _aF60 | ||
| 100 | 1 | _aLarangeira, L.S.A. | |
| 100 | 1 | _aCampello, A.P. | |
| 100 | 1 | _aVoss, D.O. | |
| 111 | 1 |
_a6. Encontro Anual da Sociedade Brasileira de Bioquimica _cCaxambu, MG (Brazil) _d20 Apr 1977 |
|
| 245 | 1 | _aEstudo dos citocromos e da fosforilacao oxidativa em semente e plantula de soja (Glycine max, Merril) | |
| 650 | _aFisiologia vegetal | ||
| 650 | _aSoja | ||
| 650 | _aGerminacao | ||
| 650 | _aSemente | ||
| 650 | _aPlantula | ||
| 773 | 0 |
_tCiencia e Cultura (Brazil) _xISSN 0009-6725 _g(Aug 1978), v. 30(8) p. 1014 _wBR7903292 |
|
| 909 |
_a202311 _bLúcia _c55 _dLúcia Elande |
||
| 942 |
_2AGRIS _n0 _cANA |
||
| 999 |
_c100952 _d100952 |
||